000 00852nam a2200205Ia 4500
003 GCL
008 140319s9999 xx 000 0 ara d
020 _a7121039960
040 _aGCL /
_cGCL
082 0 4 _a923.1
_bم ن
100 1 _aمحمد بن مشبب بن سلمان القحطانى
245 1 0 _aالنموذج الادارى المستخلص من ادارة عمر بن عبد العزيز :
_bو تطبيقاته فى الادارة و بخاصة الادارة التربوية /
_cمحمد بن مشبب بن سلمان القحطانى
250 _aالاولى
260 _aالرياض :
_bمكتبة الملك فهد الوطنية
300 _a461 ص ؛
_c24 سم
650 0 4 _aالخلفاء الراشدون
650 0 4 _aعمر بن عبد العزيز
650 0 4 _aالادارة فى الاسلام
942 _2ddc
_cBK
999 _c6991
_d6991